Je racionalizácia žiadúca aj dnes?

Ako chápať pojem racionalizácia. Racionalizácie práce a prosperita podniku. Racionalizácia práce v nevýrobnej sfére.

Gespeichert in:
Bibliographische Detailangaben
1. Verfasser: Demko, P.
Format: Buchkapitel
Sprache:Slowakisch
Schlagworte:
Tags: Tag hinzufügen
Keine Tags, Fügen Sie das erste Tag hinzu!

MARC

LEADER 00000naa a2200000 4500
001 r000729
005 20221213083004.0
041 0 |a slo 
044 |a CZ 
245 1 0 |a Je racionalizácia žiadúca aj dnes?  |c P. Demko 
520 |a Ako chápať pojem racionalizácia. Racionalizácie práce a prosperita podniku. Racionalizácia práce v nevýrobnej sfére. 
610 2 0 |a racionalizácia práce 
610 2 0 |a efektívnosť práce 
610 2 0 |a organizácia práce 
100 1 |a Demko, P.